| 000 | 00438nam a2200169Ia 4500 | ||
|---|---|---|---|
| 003 | OSt | ||
| 005 | 20230630142523.0 | ||
| 008 | 220613s9999||||xx |||||||||||||| ||und|| | ||
| 040 | _cSRHU | ||
| 100 | _aChaurasia,B.D | ||
| 245 | 0 | _aB D Chaurasias Human Anatomy Regional And Applied Dissection And Clinical Lower Lomb Abdomen & Pelvis- Vol-2 | |
| 250 | _a4th(2004) | ||
| 260 | _bCBS | ||
| 300 | _a430 | ||
| 650 | _aAnatomy | ||
| 942 | _cPREC | ||
| 999 |
_c7133 _d7133 |
||